[Event "SVK-ch U10"]
[Site "Liptovsky Mikulas"]
[Date "2007.04.27"]
[Round "9"]
[White "Molnar, Viktor"]
[Black "Slatkovsky, David"]
[Result "0-1"]
[WhiteElo "1440"]
[BlackElo "1384"]
[PlyCount "134"]
[EventDate "2007.04.22"]
[EventType "swiss"]
[EventRounds "9"]
[EventCountry "SVK"]
[SourceTitle "EXT 2008"]
[Source "ChessBase"]
[SourceDate "2007.11.25"]
[SourceVersion "1"]
[SourceVersionDate "2007.11.25"]
[SourceQuality "1"]

1. e4 Nf6 2. Nc3 e5 3. Nf3 Nc6 4. Bb5 d6 5. h3 Bd7 6. d4 Nxd4 7. Bxd7+ Qxd7 8. Nxd4 exd4 9. Qxd4 Qc6 10. 0-0 b6 11. Bg5 Be7 12. Rad1 h6 13. Bxf6 Bxf6 14. Qd5 Qxd5 15. Nxd5 Kd7 16. b3 Bb2 17. f4 f6 18. Rfe1 c6 19. Nb4 Bc3 20. a3 Bxe1 21. Rxe1 Rhe8 22. Nd3 d5 23. e5 Re7 24. f5 Rae8 25. e6+ Kd6 26. Nf4 Rc7 27. Ng6 c5 28. c3 b5 29. Kf2 a5 30. Nf4 b4 31. axb4 axb4 32. c4 dxc4 33. Rd1+ Ke5 34. Nh5 Ree7 35. Ng3 cxb3 36. Re1+ Kd4 37. Ne2+ Kd3 38. Nf4+ Kc2 39. Re2+ Kb1 40. Nd5 b2 41. Re1+ Ka2 42. Nxb4+ Ka3 43. Nc2+ Kb3 44. Ne3 Rb7 45. Nd5 Ka2 46. Nc3+ Kb3 47. Nb1 Kc2 48. Na3+ Kb3 49. Nb1 Ra7 50. Nd2+ Kc2 51. Nb1 Ra1 52. Na3+ Rxa3 53. Re2+ Kb3 54. Re3+ Ka2 55. Re1 b1Q 56. Rxb1 Kxb1 57. Kg1 Re3 58. Kf2 R3xe6 59. fxe6 Rxe6 60. Kg1 c4 61. Kh2 c3 62. Kg3 c2 63. Kh2 c1Q 64. Kg3 Qe3+ 65. Kh2 Qf4+ 66. g3 Qf2+ 67. Kh1 Re1# 0-1

[Event "SVK-ch U10"]
[Site "Liptovsky Mikulas"]
[Date "2007.04.26"]
[Round "7"]
[White "Repka, Christopher"]
[Black "Slatkovsky, David"]
[Result "1-0"]
[WhiteElo "1396"]
[BlackElo "1384"]
[PlyCount "35"]
[EventDate "2007.04.22"]
[EventType "swiss"]
[EventRounds "9"]
[EventCountry "SVK"]
[SourceTitle "EXT 2008"]
[Source "ChessBase"]
[SourceDate "2007.11.25"]
[SourceVersion "1"]
[SourceVersionDate "2007.11.25"]
[SourceQuality "1"]

1. Nf3 c5 2. Nc3 d5 3. d4 e6 4. Bf4 Nd7 5. e3 Ne7 6. Nb5 Ng6 7. Nc7+ Ke7 8. Nxa8 Nxf4 9. exf4 b6 10. Bd3 Bb7 11. 0-0 Bxa8 12. Re1 Qc7 13. f5 c4 14. fxe6 Nc5 15. exf7+ Ne4 16. Bxe4 dxe4 17. d5 Kxf7 18. Ng5+ 1-0